Venus in the kitchen ; or, Love's cookery book /

Bibliographic Details
Main Author: Douglas, Norman, 1868-1952
Format: Book
Language:English
Published: New York : Viking Press, 1953
Subjects:

MARC

Tag First Indicator Second Indicator Subfields
LEADER 00000cam a2200000 4500
001 in00000048844
005 20151007075708.0
008 751001c19531952nyua 00010 eng d
010 |a  53005199  
035 |a (OCoLC)01667910 
035 |9 AAF3672AM 
040 |a DZM  |c DZM  |d TXA  |d UtOrBLW 
049 |a TXAM  |c [219031] 
050 0 |a TX725  |b .D68 1953 
092 |a 641.56  |b D735v 
100 1 |a Douglas, Norman,  |d 1868-1952. 
245 1 0 |a Venus in the kitchen ;  |b or, Love's cookery book /  |c by Pilaff Bey [pseudonym] Ed. by Norman Douglas; introd. by Graham Greene. With decorations by Bruce Roberts. 
264 1 |a New York :  |b Viking Press,  |c 1953 
264 4 |c [©1952] 
300 |a 192 pages :  |b illustrations ;  |c 22 cm. 
336 |a text  |b txt  |2 rdacontent 
337 |a unmediated  |b n  |2 rdamedia 
338 |a volume  |b nc  |2 rdacarrier 
650 0 |a Cooking. 
740 0 |a Love's cookery book. 
999 |a MARS 
999 f f |s 41c7d0b1-4018-39a2-9020-8b5418010f35  |i 85e9409c-f67b-3478-aad1-909a44b7a97f  |t 0 
952 f f |p normal  |a Texas A&M University  |b College Station  |c Sterling C. Evans Library  |d Evans: Library Stacks  |t 0  |e TX725 .D68 1953  |h Library of Congress classification  |i unmediated -- volume  |m A14801102242 
998 f f |a TX725 .D68 1953  |t 0  |l Evans: Library Stacks